000 00604cab a2200265 4500
001 X2707
008 090401t1990 xxu||||| |||| 00| 0 eng d
035 _a(Sirsi) u25886
041 _aeng
100 _aElsner, Jill
245 4 _aThe Indonesia n incentive
260 _c1990
350 _a0
490 _aAsian Property
_vMarch 1990, 24-26(3)
650 _aASIA
650 _aFOREIGN
650 _aINVESTMENT
650 _aJOINT VENTURES
650 _aMARKET
650 _aPROPERTY
650 _aTAXATION
690 _aOVERSEAS-REST OF THE WORLD
942 _n0
948 _c04/03/1997
999 _c17393
_d17393